On This Day: December 14th II Quiz Stats

 Plays Quiz Updated Feb 26, 2019

Score 0/7 Timer 03:00
1 Play Today
Question Answer Wrong Answers
The Wright brothers make their first attempt to fly with the Wright Flyer at Kitty Hawk, in this state.
1903
North Carolina
86.3%
Maryland
5.4%
Georgia
2.2%
New Jersey
5.3%
George Washington dies at the age of 67 at _________, the Virginia plantation he owned with his wife.
1799
Mount Vernon
83.9%
Monticello
9.2%
Drayton Hall
3%
Sherwood
3.3%
This group appears for the first time on The Ed Sullivan Show, performing their single 'I Want You Back'.
1969
The Jackson 5
80.1%
Sly and the Family Stone
3%
The Supremes
7.9%
The Beach Boys
7.9%
American forces confirm that on the previous day, this man was captured while hiding in a hole in the ground near a farmhouse near Tikrit.
2003
Saddam Hussein
79.3%
Osama bin Laden
15.3%
Muammar Gaddafi
3.2%
Abu Musab al-Zarqawi
0.9%
Influential astronomer Tycho Brahe is born on the Scania peninsula. Now part of Sweden, at the time Scania was part of this kingdom.
1546
Denmark
76.4%
Saxony
15%
Belgium
4%
Austria-Hungary
4.3%
Upon the death of her father, James V, this princess is famously crowned queen at 6 days old.
1542
Mary, Queen of Scots
63.7%
Elizabeth I of England
20.1%
Catherine the Great
8.9%
Isabella I of Castile
7.2%
This film, episode VII in the Star Wars franchise, premieres in Los Angeles.
2015
The Force Awakens
60.5%
The Last Jedi
19.1%
The Clone Wars
5.2%
Revenge of the Sith
13.7%

You're not logged in!

Compare scores with friends on all Sporcle quizzes.
OR
Log In

Sporcle TV

Today on Sporcle TV


Watch our educational content, quiz creation guides, and fun videos on Sporcle TV.

Show Comments

Extras

Top Quizzes Today


Score Distribution

Your Account Isn't Verified!

In order to create a playlist on Sporcle, you need to verify the email address you used during registration. Go to your Sporcle Settings to finish the process.

Report this User

Report this user for behavior that violates our Community Guidelines.

Details: